KOHA-Header-6

Business Analytics an applications focus (Record no. 848)

000 -LEADER
fixed length control field 00312nam a2200121Ia 4500
008 - FIXED-LENGTH DATA ELEMENTS--GENERAL INFORMATION
fixed length control field 190722s9999 xx 000 0 und d
020 ## - INTERNATIONAL STANDARD BOOK NUMBER
International Standard Book Number 978-81-203-4819-6
100 ## - MAIN ENTRY--PERSONAL NAME
Personal name Purba Halady Rao
245 #0 - TITLE STATEMENT
Title Business Analytics an applications focus
260 ## - PUBLICATION, DISTRIBUTION, ETC. (IMPRINT)
Place of publication, distribution, etc Delhi
Name of publisher, distributor, etc PHI Learning
Date of publication, distribution, etc 2014
300 ## - PHYSICAL DESCRIPTION
Extent 238
942 ## - ADDED ENTRY ELEMENTS (KOHA)
Koha item type Books
Holdings
Withdrawn status Lost status Source of classification or shelving scheme Damaged status Not for loan Collection code Permanent Location Current Location Shelving location Date acquired Total Checkouts Full call number Barcode Date last seen Date checked out Price effective from Koha item type
          Business MAJU MAJU   2019-07-22 1 658.4033 7474 2020-02-19 2019-09-27 2019-07-22 Business

Powered by Koha